000 00688nam a2200241Ia 4500
003 OSt
005 20220923211634.0
006 a|||||r|||| 00| 0
007 ta
008 220922b |||||||| |||| 00| 0 hin d
024 _a36,173
037 _cTextual
040 _aARTS
_cARTS
_bhin
041 _2hin
_ahin
082 _aQ3:332x, M5
100 _aदेवेन्द्र
245 0 _aजैन जगत के ज्योतिर्धर आचार्य
246 _aJain jagat ke jyotirdhar āchārya
260 _c1985
300 _a153,114,98p.
_ccm.
942 _hQ3:332x, M5
_cTEXL
_2CC
999 _c301884
_d301884